Statystyki dla Alfabet hebrajski

Kliknij tutaj aby rozwiązać quiz!

Ogólne statystyki

  • Ten quiz został rozwiązany 1 537 razy
  • Średni wynik to 9 z 22

Statystyki odpowiedzi

LiteraPolska nazwa% Poprawnych
בBet
72%
אAlef
60%
הHe
49%
גGimel
44%
פPe
41%
שSzin
41%
טTet
41%
דDalet
39%
מMem
39%
יJod
38%
וWaw
38%
נNun
37%
לLamed
36%
כKaf
35%
תTaw
35%
עAin
34%
צCadi
34%
חChet
34%
סSamech
34%
זZajin
34%
קKof
33%
רResz
33%

Rozkład punktacji

Percentyl według liczby udzielonych odpowiedzi

Procent ludzi z każdym wynikiem

Twoja historia wyników

Nie rozwiązałeś tego quizu